Ciudades y territorio en América del Sur: del siglo XV al XVII
Spremljeno u:
| Glavni autori: | , , , , , , , , |
|---|---|
| Format: | Knjiga |
| Jezik: | španjolski |
| Izdano: |
Nobuko
2012
|
| Izdanje: | 1a. ed |
| Teme: | |
| Oznake: |
Dodaj oznaku
Bez oznaka, Budi prvi tko označuje ovaj zapis!
|
MARC
| LEADER | 00000cam a2200000 a 4500 | ||
|---|---|---|---|
| 001 | UCE1807 | ||
| 003 | CL-VaPUC | ||
| 008 | 140519e20120500ag |||||||||||||||||spa|d | ||
| 020 | |a 9789875844322 | ||
| 082 | 0 | 4 | |a 980.013 |b BUJ |2 21 |
| 100 | 0 | |a Buján Jorge F |e author |9 574190 | |
| 700 | 0 | |a Calvo, Luis María |e author |9 574191 | |
| 700 | 0 | |a Canziani, José |e author |9 574192 | |
| 700 | 0 | |a Couso, María Guillermina |e author |9 574193 | |
| 700 | 0 | |a Igareta, Ana |e author |9 574194 | |
| 700 | 0 | |a Iglesias, María Teresa |e author |9 574195 | |
| 700 | 0 | |a Manuel, Dévora |e author |9 574196 | |
| 700 | 0 | |a Moralejo, Reinaldo Andrés |e author |9 574197 | |
| 700 | 0 | |a Raffino, Rodolfo |e author |9 574198 | |
| 245 | 1 | 0 | |a Ciudades y territorio en América del Sur: del siglo XV al XVII |
| 250 | |a 1a. ed | ||
| 300 | |a 338 p | ||
| 942 | |c BK | ||
| 945 | |d 20140519 10:12:00 |a dcastane | ||
| 260 | |b Nobuko |c 2012 | ||
| 650 | 7 | |a HISTORIA DE AMERICA SIGLO 15 |2 CL-VaPUC |9 446291 | |
| 650 | 0 | |a Historia de ciudades |9 445863 | |
| 650 | 0 | |a Urbanismo |9 255208 | |
| 583 | |a last modification |c 20140519 10:12:00 |k Rodrigo Vera | ||
| 999 | |c 355493 |d 355491 | ||
| 952 | |0 0 |1 0 |3 erb |4 0 |6 980_013000000000000_BUJ_2012 |7 0 |8 A |9 462243 |a BIBARQ |b BIBARQ |i 5080150 |o 980.013 BUJ 2012 |p 5080150 |r 2025-01-20 |w 2019-11-23 |y BK |z Catalogado en:20140519 |k ARQ | ||